[Event "CCT Play-in Chessable Masters 2024"]
[Site "Online"]
[Date "2024.01.31"]
[Round "8"]
[White "Gavrilescu, David"]
[Black "Kravtsiv, Martyn"]
[Result "0-1"]
[WhiteElo "2523"]
[BlackElo "2598"]
[Annotator "RC"]
[PlyCount "142"]
[EventDate "2024.01.26"]
[EventType "swiss"]
[EventCountry "NET"]
[SourceTitle "playchess.com"]
[Source "ChessBase"]
[SourceQuality "1"]

1. e4 e5 2. Nf3 Nc6 3. Nc3 Nf6 4. h3 h6 5. d4 exd4 6. Nxd4 Bb4 7. Nxc6 bxc6 8. Bd3 O-O 9. O-O Re8 10. Qf3 Rb8 11. Bf4 d6 12. Rad1 Be6 13. e5 Bxc3 14. bxc3 Bd5 15. Qe3 dxe5 16. Bg3 Qc8 17. c4 Be6 18. Qxe5 Bxc4 19. Qxc7 Qxc7 20. Bxc7 Bxd3 21. Rxd3 Rb2 22. Ra3 Rxc2 23. Rxa7 Ree2 24. a4 Ne4 25. Ra8+ Kh7 26. Re8 c5 27. a5 Ra2 28. Bb6 f5 29. a6 Rxa6 30. Bxc5 Raa2 31. Bd4 Ng3 32. Rd8 Nxf1 33. Rd7 Kg8 34. Kxf1 Red2 35. g3 Rd1+ 36. Kg2 Rad2 37. Rxg7+ Kf8 38. Bf6 Rd6 39. Bc3 Rc6 40. Be5 Re6 41. Bc3 Rc6 42. Bb2 Rd2 43. Rb7 Rcc2 44. Bg7+ Kg8 45. Kf3 Rxf2+ 46. Ke3 Rce2+ 47. Kd3 Re6 48. Kd4 Rd2+ 49. Kc4 Rc6+ 50. Kb5 Rg6 51. Bc3 Rd3 52. Rb8+ Kf7 53. Rb7+ Ke8 54. Bb4 Rdxg3 55. Rb8+ Kd7 56. Rb7+ Ke6 57. Rb6+ Kd5 58. Rb8 f4 59. Rf8 Ke4 60. h4 Rb3 61. Kc4 Rxb4+ 62. Kxb4 f3 63. Kc3 Ke3 64. Re8+ Kf2 65. Kd3 Rf6 66. h5 Kf1 67. Rg8 f2 68. Kd2 Rd6+ 69. Ke3 Ke1 70. Ra8 Re6+ 71. Kf4 f1=Q+ 0-1

[Event "CCT Play-in Chessable Masters 2024"]
[Site "Online"]
[Date "2024.01.31"]
[Round "8"]
[White "Raja Rithvik R"]
[Black "frederiksvane"]
[Result "1/2-1/2"]
[WhiteElo "2522"]
[BlackElo "2596"]
[Annotator "RC"]
[PlyCount "95"]
[EventDate "2024.01.26"]
[EventType "swiss"]
[EventCountry "NET"]
[SourceTitle "playchess.com"]
[Source "ChessBase"]
[SourceQuality "1"]

1. d4 Nf6 2. c4 e6 3. Nf3 b6 4. g3 Bb7 5. Bg2 Bb4+ 6. Bd2 Bxd2+ 7. Qxd2 O-O 8. Nc3 Ne4 9. Qc2 Nxc3 10. Qxc3 d6 11. O-O Nd7 12. Rad1 Qe7 13. Rfe1 Be4 14. Bh3 Nf6 15. Nd2 Bb7 16. e4 e5 17. d5 a5 18. b3 Bc8 19. Bxc8 Raxc8 20. Nf1 g6 21. a3 Nd7 22. b4 axb4 23. axb4 f5 24. exf5 Rxf5 25. Nd2 Rcf8 26. Ne4 Nf6 27. Rd2 Qf7 28. Nxf6+ Qxf6 29. Qb2 Rf3 30. c5 h5 31. cxb6 cxb6 32. h4 g5 33. hxg5 Qxg5 34. Re4 R3f4 35. Rxf4 exf4 36. Rd3 h4 37. Qd2 Qg6 38. Kg2 Qg4 39. Kg1 Rf5 40. Qc3 hxg3 41. fxg3 f3 42. Kf2 Qh3 43. Qc8+ Kg7 44. Qd7+ Kg6 45. Qe6+ Kg7 46. Qd7+ Kg6 47. Qe6+ Kg7 48. Qd7+ 1/2-1/2

[Event "CCT Play-in Chessable Masters 2024"]
[Site "Online"]
[Date "2024.01.31"]
[Round "8"]
[White "Cuenca Jimenez, Jose Fernando"]
[Black "Gabrielian, Artur"]
[Result "1/2-1/2"]
[WhiteElo "2514"]
[BlackElo "2442"]
[Annotator "RC"]
[PlyCount "122"]
[EventDate "2024.01.26"]
[EventType "swiss"]
[EventCountry "NET"]
[SourceTitle "playchess.com"]
[Source "ChessBase"]
[SourceQuality "1"]

1. d4 Nf6 2. c4 c5 3. d5 e6 4. Nc3 d6 5. Nf3 exd5 6. cxd5 g6 7. Bf4 Bg7 8. Qa4+ Bd7 9. Qb3 b5 10. Bxd6 Qb6 11. Be5 O-O 12. e3 c4 13. Qd1 b4 14. Nb1 Rc8 15. Nbd2 c3 16. Nc4 Qc5 17. bxc3 bxc3 18. Bxc3 Bb5 19. Bd4 Qb4+ 20. Ncd2 Bxf1 21. Kxf1 Nxd5 22. Qb3 Qa5 23. Bxg7 Kxg7 24. Qb2+ Kg8 25. Nd4 Nc6 26. N2b3 Qb4 27. g3 Ne5 28. Kg2 Qb7 29. e4 Nc4 30. Qe2 Nc3 31. Qd3 Ne5 32. Qe3 f5 33. Rac1 Qxe4+ 34. Qxe4 Nxe4 35. Rxc8+ Rxc8 36. Rc1 Rxc1 37. Nxc1 Nc3 38. f4 Nc4 39. Kf3 Kf7 40. Nc6 a5 41. a4 Nxa4 42. Nb3 Nc3 43. Ncxa5 Nd6 44. Nc6 Nce4 45. Nbd4 Kf6 46. Ne5 g5 47. Nd7+ Ke7 48. Ne5 g4+ 49. Ke2 h5 50. Ng6+ Kf6 51. Nh4 Nc3+ 52. Kd3 Nd5 53. Nc6 Ne4 54. Ne5 Ne7 55. Nd7+ Ke6 56. Ne5 Nd5 57. Nc6 Kf6 58. Nd4 Ne7 59. Ke3 Nd6 60. Kd3 Nd5 61. Nc6 Ne4 1/2-1/2

[Event "CCT Play-in Chessable Masters 2024"]
[Site "Online"]
[Date "2024.01.31"]
[Round "8"]
[White "Bocharov, Dmitry"]
[Black "Frolyanov, Dmitry"]
[Result "1-0"]
[WhiteElo "2513"]
[BlackElo "2495"]
[Annotator "RC"]
[PlyCount "49"]
[EventDate "2024.01.26"]
[EventType "swiss"]
[EventCountry "NET"]
[SourceTitle "playchess.com"]
[Source "ChessBase"]
[SourceQuality "1"]

1. e4 e5 2. Nf3 Nf6 3. d3 Nc6 4. Be2 d5 5. Nbd2 Bc5 6. O-O O-O 7. c3 a5 8. a4 Re8 9. exd5 Nxd5 10. Nc4 h6 11. Be3 Nxe3 12. fxe3 e4 13. Nd4 exd3 14. Bxd3 Qd5 15. Kh1 Nxd4 16. exd4 Bd6 17. Nxd6 cxd6 18. Qd2 Be6 19. Rae1 Qg5 20. Qf2 Bb3 21. c4 Rf8 22. Re3 Bxa4 23. Rg3 Qh5 24. Qf6 g6 25. Bxg6 1-0

[Event "CCT Play-in Chessable Masters 2024"]
[Site "Online"]
[Date "2024.01.31"]
[Round "8"]
[White "Samant Aditya S"]
[Black "Deac, Bogdan-Daniel"]
[Result "0-1"]
[WhiteElo "2512"]
[BlackElo "2690"]
[Annotator "TA"]
[PlyCount "110"]
[EventDate "2024.01.26"]
[EventType "swiss"]
[EventCountry "NET"]
[SourceTitle "playchess.com"]
[Source "ChessBase"]
[SourceQuality "1"]

1. e4 c6 2. d4 d5 3. Nc3 a6 4. f4 dxe4 5. Nxe4 Bf5 6. Ng3 g6 7. Nf3 Nf6 8. Bc4 e6 9. O-O Nbd7 10. Ne5 Be7 11. c3 Nb6 12. Bb3 h5 13. Qe2 Qd6 14. Re1 Rh7 15. Kh1 h4 16. Nxf5 gxf5 17. Nxf7 Rxf7 18. Bxe6 Ne4 19. Bxf5 Rxf5 20. Qxe4 Qf6 21. b3 Kd7 22. Qd3 Bd6 23. Re5 Rf8 24. c4 Nc8 25. Bd2 Kc7 26. Rxf5 Qxf5 27. Qxf5 Rxf5 28. g4 hxg3 29. hxg3 Rh5+ 30. Kg2 Kd7 31. g4 Rh8 32. Re1 b5 33. f5 Rh2+ 34. Kf3 Rxd2 35. c5 Be7 36. Re4 Bg5 37. Re6 Ne7 38. Rd6+ Ke8 39. f6 Nd5 40. Ke4 Bxf6 41. Kf5 Rxd4 42. g5 Bd8 43. g6 Ne7+ 44. Kf6 Rxd6+ 45. cxd6 Nxg6+ 46. Kxg6 Kd7 47. Kf5 Kxd6 48. Ke4 Kc5 49. Kd3 Kb4 50. Kc2 Ka3 51. Kb1 c5 52. Ka1 Bf6+ 53. Kb1 b4 54. Kc2 Kxa2 55. Kd3 Kxb3 0-1

[Event "CCT Play-in Chessable Masters 2024"]
[Site "Online"]
[Date "2024.01.31"]
[Round "8"]
[White "Genghis_K"]
[Black "Le, Quang Liem"]
[Result "0-1"]
[WhiteElo "2510"]
[BlackElo "2731"]
[Annotator "TA"]
[PlyCount "56"]
[EventDate "2024.01.26"]
[EventType "swiss"]
[EventCountry "NET"]
[SourceTitle "playchess.com"]
[Source "ChessBase"]
[SourceQuality "1"]

1. e4 c5 2. Nf3 Nc6 3. Bb5 g6 4. O-O Bg7 5. c3 Nf6 6. Re1 O-O 7. d4 d5 8. e5 Ne4 9. Bxc6 bxc6 10. Be3 Qb6 11. Qc1 c4 12. Nbd2 Nxd2 13. Nxd2 Bf5 14. b3 Bd3 15. bxc4 dxc4 16. Nf3 Rfb8 17. d5 Qa5 18. dxc6 Rc8 19. e6 Qxc3 20. exf7+ Kxf7 21. Bd4 Bxd4 22. Qf4+ Bf6 23. Rac1 Qa5 24. Re5 Qa3 25. Rce1 Kg8 26. Re6 Rf8 27. c7 Qc5 28. Qh6 Qxc7 0-1

[Event "CCT Play-in Chessable Masters 2024"]
[Site "Online"]
[Date "2024.01.31"]
[Round "8"]
[White "Mitrabha, Guha"]
[Black "Nasuta, Grzegorz"]
[Result "0-1"]
[WhiteElo "2504"]
[BlackElo "2563"]
[Annotator "RC"]
[PlyCount "68"]
[EventDate "2024.01.26"]
[EventType "swiss"]
[EventCountry "NET"]
[SourceTitle "playchess.com"]
[Source "ChessBase"]
[SourceQuality "1"]

1. d4 d5 2. Nf3 Nf6 3. Bf4 c5 4. e3 Nc6 5. Nbd2 Nh5 6. Be5 e6 7. c3 f6 8. Bg3 Be7 9. Bd3 g6 10. O-O Nxg3 11. hxg3 O-O 12. dxc5 Bxc5 13. Qe2 Kg7 14. Rad1 Qc7 15. e4 dxe4 16. Nxe4 Be7 17. g4 e5 18. Nfd2 Bd7 19. Nc4 Rad8 20. Ne3 Be6 21. Bc4 Qc8 22. Bxe6 Qxe6 23. Qb5 b6 24. a4 h5 25. gxh5 f5 26. Nd2 e4 27. Ndc4 f4 28. Nd5 Bc5 29. Nc7 Qg4 30. Qxc6 Rxd1 31. Ne6+ Kh6 32. Nd2 Bxf2+ 33. Kxf2 Rxd2+ 34. Kg1 Qxg2# 0-1

[Event "CCT Play-in Chessable Masters 2024"]
[Site "Online"]
[Date "2024.01.31"]
[Round "8"]
[White "Kosteniuk, Alexandra"]
[Black "Demidov, Mikhail"]
[Result "0-1"]
[WhiteElo "2501"]
[BlackElo "2546"]
[Annotator "RC"]
[PlyCount "140"]
[EventDate "2024.01.26"]
[EventType "swiss"]
[EventCountry "NET"]
[SourceTitle "playchess.com"]
[Source "ChessBase"]
[SourceQuality "1"]

1. e4 e6 2. d4 d5 3. exd5 exd5 4. Nf3 Nf6 5. Bd3 Bd6 6. O-O O-O 7. Bg5 Bg4 8. Nbd2 Nbd7 9. c4 dxc4 10. Nxc4 Bh5 11. Nxd6 cxd6 12. h3 Re8 13. g4 Bg6 14. Bb5 Qb6 15. Qa4 Bc2 16. b3 Be4 17. Bxf6 Nxf6 18. Bxe8 Bxf3 19. Bb5 Nd5 20. Rac1 Qd8 21. Rfe1 Qg5 22. Bf1 g6 23. Re8+ Kg7 24. Rxa8 Bxg4 25. h4 Qxc1 26. Qc4 Nc3 27. d5 Ne2+ 28. Kh2 Qxf1 29. Qxg4 Qxf2+ 30. Qg2 Qxh4+ 31. Qh3 Qf2+ 32. Qg2 Qf4+ 33. Kh1 Qe3 34. Kh2 Qe5+ 35. Kh1 Nf4 36. Qf3 Qa1+ 37. Kh2 Qxa2+ 38. Kh1 Qa1+ 39. Kh2 Qb2+ 40. Kh1 Qc1+ 41. Kh2 Qd2+ 42. Kh1 Qd4 43. Rb8 b6 44. Rb7 a5 45. Re7 g5 46. Rd7 Qe5 47. Rb7 h5 48. Rc7 Kg6 49. Rc4 b5 50. Re4 Qf5 51. Re8 a4 52. bxa4 bxa4 53. Qe4 Qxe4+ 54. Rxe4 f6 55. Rxa4 Kf5 56. Ra1 h4 57. Re1 g4 58. Re8 g3 59. Kg1 h3 60. Kh1 Kg4 61. Re3 f5 62. Re8 Kf3 63. Re1 Kf2 64. Rf1+ Ke3 65. Re1+ Kf3 66. Rf1+ Kg4 67. Re1 Nxd5 68. Rd1 Nf4 69. Rxd6 Ne2 70. Rg6+ Kf3 0-1

[Event "CCT Play-in Chessable Masters 2024"]
[Site "Online"]
[Date "2024.01.31"]
[Round "8"]
[White "js20000"]
[Black "messiboca"]
[Result "1-0"]
[WhiteElo "2484"]
[BlackElo "2534"]
[Annotator "NA"]
[PlyCount "117"]
[EventDate "2024.01.26"]
[EventType "swiss"]
[EventCountry "NET"]
[SourceTitle "playchess.com"]
[Source "ChessBase"]
[SourceQuality "1"]

1. d4 Nf6 2. c4 c5 3. d5 e6 4. Nf3 exd5 5. cxd5 d6 6. e4 g6 7. h3 Bg7 8. Nc3 O-O 9. Bd3 a6 10. a4 Re8 11. O-O Nh5 12. Bg5 Bf6 13. Be3 Nd7 14. Nd2 Bd4 15. Bxd4 cxd4 16. Ne2 Ne5 17. Ra3 Bxh3 18. gxh3 Qg5+ 19. Kh1 Qh4 20. Ng1 Nf4 21. Bb1 d3 22. Ndf3 Nxf3 23. Qxf3 d2 24. Rd1 Rac8 25. Rc3 Rxc3 26. bxc3 Re5 27. Rxd2 Rg5 28. e5 Rxe5 29. Rd4 g5 30. Re4 Rxe4 31. Bxe4 Qh6 32. Kh2 Qg7 33. Bc2 Qe5 34. Qe4 Nxd5+ 35. Qxe5 dxe5 36. c4 Nb6 37. Nf3 f6 38. Nd2 h6 39. a5 Nd7 40. Be4 Nc5 41. Bd5+ Kf8 42. Ne4 Nb3 43. Bxb7 Nxa5 44. Bd5 Ke7 45. c5 f5 46. Ng3 Kf6 47. c6 Ke7 48. Nxf5+ Kd8 49. Nxh6 Kc7 50. Nf7 Nxc6 51. Nxg5 Nd4 52. Ne6+ Nxe6 53. Bxe6 Kd6 54. Ba2 e4 55. Kg3 Ke5 56. Kg4 a5 57. h4 a4 58. Kg5 a3 59. h5 1-0

[Event "CCT Play-in Chessable Masters 2024"]
[Site "Online"]
[Date "2024.01.31"]
[Round "8"]
[White "Olafsson, Helgi"]
[Black "Gharibyan, Mamikon"]
[Result "0-1"]
[WhiteElo "2471"]
[BlackElo "2504"]
[Annotator "RC"]
[PlyCount "26"]
[EventDate "2024.01.26"]
[EventType "swiss"]
[EventCountry "NET"]
[SourceTitle "playchess.com"]
[Source "ChessBase"]
[SourceQuality "1"]

1. Nf3 d5 2. d4 Nf6 3. c4 e6 4. Nc3 Bb4 5. Qa4+ Nc6 6. e3 O-O 7. Bd2 Re8 8. Qc2 Bf8 9. a3 e5 10. cxd5 Nxd4 11. exd4 exd4+ 12. Ne2 Qxd5 13. O-O-O d3 0-1

[Event "CCT Play-in Chessable Masters 2024"]
[Site "Online"]
[Date "2024.01.31"]
[Round "8"]
[White "adotand"]
[Black "Troff, Kayden"]
[Result "0-1"]
[WhiteElo "2450"]
[BlackElo "2484"]
[Annotator "RC"]
[PlyCount "100"]
[EventDate "2024.01.26"]
[EventType "swiss"]
[EventCountry "NET"]
[SourceTitle "playchess.com"]
[Source "ChessBase"]
[SourceQuality "1"]

1. e4 c5 2. Nf3 g6 3. h4 h6 4. Bc4 Bg7 5. d3 e6 6. Nc3 Ne7 7. e5 d5 8. exd6 Qxd6 9. Nb5 Qd7 10. Bf4 O-O 11. Qd2 a6 12. Nc3 b5 13. Bb3 Kh7 14. Ne4 c4 15. dxc4 Qxd2+ 16. Nfxd2 Bxb2 17. Rb1 Bg7 18. c5 e5 19. Be3 f5 20. Ng5+ Kh8 21. f3 Nbc6 22. h5 Na5 23. Nf7+ Kh7 24. hxg6+ Kxg6 25. Nd6 f4 26. Bf2 Bf5 27. N2e4 Bxe4 28. fxe4 Nxb3 29. cxb3 Bf6 30. Ke2 Nc6 31. Rbd1 Rfd8 32. Nf5 Bg5 33. Rd6+ Rxd6 34. cxd6 Kf6 35. Rc1 f3+ 36. Kd1 Bxc1 37. Kxc1 fxg2 38. Kd2 Rg8 39. Bg1 Nd4 40. Nxh6 Rg6 41. d7 Ke7 42. Nf7 Nc6 43. d8=Q+ Nxd8 44. Nxe5 Re6 45. Nf3 Rxe4 46. Ne1 Ne6 47. b4 Nf4 48. Nf3 Nh3 49. Bc5+ Ke8 50. Kd3 Rg4 0-1

[Event "CCT Play-in Chessable Masters 2024"]
[Site "Online"]
[Date "2024.01.31"]
[Round "8"]
[White "kpio91"]
[Black "Fressinet, Laurent"]
[Result "1/2-1/2"]
[WhiteElo "2408"]
[BlackElo "2637"]
[Annotator "NA"]
[PlyCount "59"]
[EventDate "2024.01.26"]
[EventType "swiss"]
[EventCountry "NET"]
[SourceTitle "playchess.com"]
[Source "ChessBase"]
[SourceQuality "1"]

1. e4 e5 2. Nf3 Nc6 3. Bb5 Nf6 4. d3 Bc5 5. O-O Nd4 6. Nxd4 Bxd4 7. c3 Bb6 8. Ba4 O-O 9. Bg5 d5 10. Qf3 dxe4 11. dxe4 h6 12. Bxf6 Qxf6 13. Qxf6 gxf6 14. Na3 Rd8 15. Bb3 Kg7 16. Nc4 Be6 17. Rad1 Bxc4 18. Bxc4 c6 19. g3 Rxd1 20. Rxd1 Rd8 21. Rxd8 Bxd8 22. Kf1 Kf8 23. Ke2 Ke7 24. Kf3 Bb6 25. Ke2 a5 26. a4 Bc5 27. Kf1 Bb6 28. Ke2 Bc5 29. Kf1 Bb6 30. Ke2 1/2-1/2

[Event "CCT Play-in Chessable Masters 2024"]
[Site "Online"]
[Date "2024.01.31"]
[Round "8"]
[White "Sattarov, Bobir"]
[Black "Sjugirov, Sanan"]
[Result "0-1"]
[WhiteElo "2351"]
[BlackElo "2695"]
[Annotator "TA"]
[PlyCount "68"]
[EventDate "2024.01.26"]
[EventType "swiss"]
[EventCountry "NET"]
[SourceTitle "playchess.com"]
[Source "ChessBase"]
[SourceQuality "1"]

1. e4 c5 2. Nf3 d6 3. d4 cxd4 4. Nxd4 Nf6 5. f3 e5 6. Nb3 Be7 7. c4 a5 8. Nc3 O-O 9. Be3 Nc6 10. Be2 Nh5 11. Nd5 a4 12. Nd2 Nf4 13. O-O Bg5 14. Bb6 Qd7 15. Nb1 Nxd5 16. cxd5 Nd4 17. Bxd4 exd4 18. Qxd4 Bf6 19. Qb4 Qc7 20. Na3 Bd7 21. Rac1 Qb8 22. Kh1 b5 23. Rc2 Bd8 24. Rfc1 f5 25. exf5 Ba5 26. Qh4 b4 27. Nb1 b3 28. axb3 axb3 29. Rc4 Bxf5 30. Na3 Bd8 31. Qe1 Bf6 32. Rb4 Qe8 33. Rxb3 Bxb2 34. Rxb2 Rxa3 0-1

[Event "CCT Play-in Chessable Masters 2024"]
[Site "Online"]
[Date "2024.01.31"]
[Round "8"]
[White "Nemegejas"]
[Black "Shevchenko, Kirill"]
[Result "0-1"]
[WhiteElo "2224"]
[BlackElo "2651"]
[Annotator "TA"]
[PlyCount "98"]
[EventDate "2024.01.26"]
[EventType "swiss"]
[EventCountry "NET"]
[SourceTitle "playchess.com"]
[Source "ChessBase"]
[SourceQuality "1"]

1. d4 Nf6 2. Bg5 Ne4 3. Bf4 c5 4. f3 Qa5+ 5. c3 Nf6 6. d5 Qb6 7. Bc1 e6 8. e4 exd5 9. exd5 Bd6 10. Na3 O-O 11. Nc4 Qc7 12. g3 Re8+ 13. Kf2 Bf8 14. a4 b6 15. Bg5 Nh5 16. f4 h6 17. Qxh5 g6 18. Qd1 hxg5 19. d6 Qd8 20. Bg2 Nc6 21. Nh3 Ba6 22. Bd5 gxf4 23. Nxf4 Qf6 24. Kg2 Bxc4 25. Bxc4 Ne5 26. Bd5 Rad8 27. Rf1 Qxd6 28. c4 Bh6 29. h4 Re7 30. h5 Kg7 31. hxg6 fxg6 32. Ra3 Rf8 33. Re3 Bxf4 34. gxf4 Nc6 35. Rxe7+ Nxe7 36. Qf3 Nf5 37. Qf2 Qf6 38. Rh1 Re8 39. Re1 Rxe1 40. Qxe1 Qxb2+ 41. Kf1 Qd4 42. Qe8 Qxf4+ 43. Ke2 Nd4+ 44. Ke1 Qc1+ 45. Kf2 Qd2+ 46. Kf1 Qf4+ 47. Ke1 Nf3+ 48. Ke2 Qe5+ 49. Qxe5+ Nxe5 0-1

[Event "CCT Play-in Chessable Masters 2024"]
[Site "Online"]
[Date "2024.01.31"]
[Round "9"]
[White "So, Wesley"]
[Black "tptagain"]
[Result "0-1"]
[WhiteElo "2757"]
[BlackElo "2655"]
[Annotator "TA"]
[PlyCount "134"]
[EventDate "2024.01.26"]
[EventType "swiss"]
[EventCountry "NET"]
[SourceTitle "playchess.com"]
[Source "ChessBase"]
[SourceQuality "1"]

1. e4 e5 2. Nf3 Nc6 3. Bb5 Nf6 4. d3 Bc5 5. Nc3 d6 6. Na4 Bb6 7. a3 O-O 8. O-O Ne7 9. Nxb6 axb6 10. Re1 c6 11. Bc4 Ng6 12. h3 h6 13. b4 c5 14. Be3 Bd7 15. Bb3 Bc6 16. a4 Qe7 17. Nd2 cxb4 18. Nc4 d5 19. Nxb6 dxe4 20. Nxa8 Rxa8 21. dxe4 Nxe4 22. Qg4 Qf6 23. Rad1 Nh4 24. Rd3 Nc3 25. Rd7 Rf8 26. Bc5 h5 27. Qxh5 Bxd7 28. Bxf8 Kxf8 29. Qh8+ Ke7 30. Qb8 e4 31. Qxb7 Qg5 32. Qxb4+ Ke8 33. Qb8+ Ke7 34. Qg3 Qxg3 35. fxg3 Nf5 36. a5 Bb5 37. g4 Nd6 38. Re3 Nd1 39. Re1 Nc3 40. Kf2 Kf6 41. Ke3 Ke5 42. Ra1 Ba6 43. g3 f6 44. h4 Nd5+ 45. Bxd5 Kxd5 46. Rd1+ Ke5 47. Rxd6 Kxd6 48. Kxe4 Ke6 49. Kd4 Kd6 50. Ke4 Ke6 51. Kd4 Kd6 52. g5 fxg5 53. hxg5 Bb5 54. Ke4 g6 55. Kd4 Ba6 56. Ke4 Bc8 57. Kd4 Bb7 58. Kc4 Ba6+ 59. Kd4 Bc8 60. Kc4 Kc6 61. Kb4 Ba6 62. c4 Kd6 63. g4 Kc6 64. Kc3 Kc5 65. Kd3 Bxc4+ 66. Ke4 Kb5 67. Kd4 Be2 0-1

[Event "CCT Play-in Chessable Masters 2024"]
[Site "Online"]
[Date "2024.01.31"]
[Round "9"]
[White "Vidit, Santosh Gujrathi"]
[Black "Indjic, Aleksandar"]
[Result "0-1"]
[WhiteElo "2742"]
[BlackElo "2595"]
[Annotator "RC"]
[PlyCount "134"]
[EventDate "2024.01.26"]
[EventType "swiss"]
[EventCountry "NET"]
[SourceTitle "playchess.com"]
[Source "ChessBase"]
[SourceQuality "1"]

1. d4 Nf6 2. c4 e6 3. Nf3 c5 4. d5 d6 5. Nc3 exd5 6. cxd5 g6 7. Bf4 Bg7 8. h3 O-O 9. e3 Ne8 10. Be2 Nd7 11. O-O Ne5 12. Nd2 Rb8 13. Bh2 f5 14. a4 Qe7 15. Kh1 a6 16. a5 Nc7 17. Qc2 Bd7 18. Rae1 Nb5 19. Na4 g5 20. f4 Nf7 21. Nb6 g4 22. Bd3 Nh6 23. Ndc4 Kh8 24. e4 Nd4 25. Qf2 fxe4 26. Rxe4 Qd8 27. Nxd7 Qxd7 28. Rfe1 gxh3 29. Re7 Qg4 30. Nxd6 Rbd8 31. Ne8 Nhf5 32. Nxg7 Nxe7 33. Rxe7 hxg2+ 34. Qxg2 Qxg2+ 35. Kxg2 Rg8 36. Kf2 Rxg7 37. Re5 Rf7 38. Ke3 Kg7 39. f5 Kf6 40. Kf4 Rg7 41. Be4 h5 42. Ke3 Rdg8 43. Kf2 Rg4 44. d6 Rh4 45. Bg3 Rxg3 46. d7 Kxe5 47. d8=Q Rgg4 48. Qd5+ Kf4 49. f6 Rh2+ 50. Kf1 Ke3 51. Bg2 Rgxg2 52. Qe5+ Kd3 53. Qd5 Rf2+ 54. Kg1 Rhg2+ 55. Kh1 Rg3 56. f7 Rgf3 57. Qxb7 Rxf7 58. Qxa6+ Ke3 59. Qh6+ Kd3 60. a6 R2f6 61. Qxh5 Rf1+ 62. Kg2 R7f2+ 63. Kg3 Ne2+ 64. Kg4 Rf4+ 65. Kg5 Rf5+ 66. Kg6 Rxh5 67. Kxh5 Ra1 0-1

[Event "CCT Play-in Chessable Masters 2024"]
[Site "Online"]
[Date "2024.01.31"]
[Round "9"]
[White "Grischuk, Alexander"]
[Black "Rakhmanov_Aleksandr"]
[Result "1/2-1/2"]
[WhiteElo "2732"]
[BlackElo "2629"]
[Annotator "TA"]
[PlyCount "59"]
[EventDate "2024.01.26"]
[EventType "swiss"]
[EventCountry "NET"]
[SourceTitle "playchess.com"]
[Source "ChessBase"]
[SourceQuality "1"]

1. d4 Nf6 2. Bf4 d6 3. Nc3 c6 4. e4 Qb6 5. Rb1 e5 6. dxe5 dxe5 7. Bxe5 Bc5 8. Bg3 O-O 9. Bd3 Bg4 10. Qd2 Re8 11. Nge2 Bxe2 12. Qxe2 Nbd7 13. O-O Bd4 14. Kh1 Nc5 15. e5 Nxd3 16. cxd3 Rad8 17. f4 Nd5 18. Nxd5 Rxd5 19. b3 Qd8 20. Qf3 Qd7 21. h3 f6 22. Rbe1 Bc3 23. Re3 Bd2 24. Re2 Rxd3 25. Qf2 Bc3 26. Kh2 Bd4 27. Qe1 Bc3 28. Qf2 Bd4 29. Qe1 Bc3 30. Qf2 1/2-1/2

[Event "CCT Play-in Chessable Masters 2024"]
[Site "Online"]
[Date "2024.01.31"]
[Round "9"]
[White "Andreikin, Dmitry"]
[Black "Dragun, Kamil"]
[Result "0-1"]
[WhiteElo "2729"]
[BlackElo "2553"]
[Annotator "TA"]
[PlyCount "118"]
[EventDate "2024.01.26"]
[EventType "swiss"]
[EventCountry "NET"]
[SourceTitle "playchess.com"]
[Source "ChessBase"]
[SourceQuality "1"]

1. d4 Nf6 2. Bg5 d5 3. Nd2 c5 4. dxc5 e6 5. e4 Bxc5 6. Qe2 h6 7. Bh4 dxe4 8. O-O-O Qb6 9. Nxe4 Nxe4 10. Qxe4 Nc6 11. Nh3 O-O 12. Bd3 f5 13. Qe2 Nd4 14. Qe1 Bd7 15. Nf4 g5 16. Nh5 gxh4 17. Qe5 Rf7 18. Nf6+ Rxf6 19. Qxf6 Bf8 20. c3 Bg7 21. Qe7 Qc7 22. Bb5 Qf4+ 23. Kb1 Bxb5 24. cxd4 Bc4 25. g3 Qe4+ 26. Ka1 h3 27. Rhe1 Qc6 28. Re3 Re8 29. Qb4 a5 30. Qxa5 b5 31. b3 Bd5 32. Rc3 Qd7 33. Rc7 Qd8 34. Qxb5 Qxc7 35. Qxe8+ Kh7 36. Kb2 Be4 37. Rd2 Qa5 38. Rd1 Qa6 39. Rd2 Qa5 40. Rd1 Bf3 41. Rd3 Be2 42. Rc3 Bxd4 43. Qc8 Bg7 44. Qc6 Qb4 45. Kc2 Qd4 46. b4 Qxf2 47. Kb3 Bd1+ 48. Ka3 Qa7+ 49. Kb2 Qf2+ 50. Ka3 Qd2 51. Rb3 Bxb3 52. axb3 Qxh2 53. Qxe6 Qb2+ 54. Ka4 Qe5 55. Qc6 h2 56. b5 Qe4+ 57. Ka5 Qxc6 58. bxc6 h1=Q 59. c7 Qa8+ 0-1

[Event "CCT Play-in Chessable Masters 2024"]
[Site "Online"]
[Date "2024.01.31"]
[Round "9"]
[White "Yu, Yangyi"]
[Black "Vokhidov, Shamsiddin"]
[Result "1-0"]
[WhiteElo "2720"]
[BlackElo "2596"]
[Annotator "TA"]
[PlyCount "105"]
[EventDate "2024.01.26"]
[EventType "swiss"]
[EventCountry "NET"]
[SourceTitle "playchess.com"]
[Source "ChessBase"]
[SourceQuality "1"]

1. e4 c5 2. Nf3 e6 3. d3 d5 4. Nbd2 Nc6 5. g3 Bd6 6. Bg2 Nge7 7. O-O O-O 8. Re1 h6 9. c3 Bc7 10. a3 d4 11. cxd4 cxd4 12. e5 Ng6 13. Nc4 b5 14. Nd6 Bxd6 15. exd6 Qxd6 16. Nxd4 Qxd4 17. Bxc6 Rb8 18. Be3 Qxb2 19. Bxa7 Bb7 20. Bxb8 Bxc6 21. Qc1 Qf6 22. Qxc6 Rxb8 23. Kg2 Ne7 24. Qf3 Qd4 25. Qe4 Qd7 26. Rac1 Nd5 27. Rc5 Ra8 28. Rec1 g6 29. Qe5 Kh7 30. h4 h5 31. d4 Qb7 32. Kg1 Qd7 33. Rc6 Rd8 34. R1c5 Qb7 35. Qe4 Qd7 36. Qe2 Rb8 37. Qc2 b4 38. axb4 Nxb4 39. Rc7 Qe8 40. Qe2 Kg8 41. Qc4 Kg7 42. Rc8 Rxc8 43. Rxc8 Qa4 44. Qc5 Qd1+ 45. Kg2 Nd3 46. Qf8+ Kf6 47. Qd8+ Kf5 48. Qg5+ Ke4 49. Qe3+ Kf5 50. Rc3 Ne1+ 51. Kh2 Kf6 52. Qe5+ Ke7 53. Rc7+ 1-0

[Event "CCT Play-in Chessable Masters 2024"]
[Site "Online"]
[Date "2024.01.31"]
[Round "9"]
[White "KuzubovYuriy"]
[Black "Bortnyk, Oleksandr"]
[Result "1/2-1/2"]
[WhiteElo "2702"]
[BlackElo "2636"]
[Annotator "TA"]
[PlyCount "95"]
[EventDate "2024.01.26"]
[EventType "swiss"]
[EventCountry "NET"]
[SourceTitle "playchess.com"]
[Source "ChessBase"]
[SourceQuality "1"]

1. d4 Nf6 2. Nf3 g6 3. Nbd2 d5 4. b4 a5 5. b5 a4 6. e3 Bg7 7. Ba3 O-O 8. Bd3 Re8 9. c4 c6 10. O-O Bg4 11. Rb1 Nbd7 12. h3 Bxf3 13. Nxf3 e5 14. bxc6 bxc6 15. dxe5 Nxe5 16. Nxe5 Rxe5 17. Qc2 Ne4 18. Bb2 Re6 19. Bxg7 Kxg7 20. cxd5 cxd5 21. Bxe4 dxe4 22. Rb4 Qd3 23. Qxd3 exd3 24. Rd4 Rb6 25. Rxd3 Rb2 26. Ra3 Ra5 27. h4 h5 28. Kh2 Re2 29. Kg3 Rb2 30. e4 Rb4 31. Re1 Re5 32. f3 f5 33. Rae3 Kf6 34. exf5 Rxe3 35. Rxe3 Kxf5 36. Rc3 Rb2 37. Ra3 Rb4 38. Kh3 Rc4 39. Rd3 Rc2 40. a3 Ra2 41. g4+ Kf4 42. gxh5 gxh5 43. Rd4+ Kxf3 44. Rxa4 Ra1 45. Kh2 Ra2+ 46. Kh3 Ra1 47. Kh2 Ra2+ 48. Kh3 1/2-1/2